Report of the United Nations High Commissioner for Refugees, 2003 (Record no. 56173)

MARC details
000 -LEADER
fixed length control field 00751nam a2200181 a 4500
008 - FIXED-LENGTH DATA ELEMENTS--GENERAL INFORMATION
fixed length control field 061003s2004 ||||||||||||||||| || u
050 ## - LIBRARY OF CONGRESS CALL NUMBER
Classification number UNO(058)GAOR/59/12
110 ## - MAIN ENTRY--CORPORATE NAME
Corporate name or jurisdiction name as entry element United Nations Organisation (UNO)
245 10 - TITLE STATEMENT
Title Report of the United Nations High Commissioner for Refugees, 2003
Statement of responsibility, etc. by United Nations
260 ## - PUBLICATION, DISTRIBUTION, ETC.
Place of publication, distribution, etc. New York:
Name of publisher, distributor, etc. UNO
Date of publication, distribution, etc. 2004
300 ## - PHYSICAL DESCRIPTION
Extent iii;26p.; ill.
350 ## - PRICE (NR) (BK AM CF MU VM SE) [OBSOLETE]
Price 0.00
490 ## - SERIES STATEMENT
Series statement General Assembly Official Records
500 ## - GENERAL NOTE
General note General Assembly official records.fifty-ninth session supplement No. 12 (A/59/12)
650 ## - SUBJECT ADDED ENTRY--TOPICAL TERM
Topical term or geographic name entry element REFUGEES--UNITED NATIONS
650 ## - SUBJECT ADDED ENTRY--TOPICAL TERM
Topical term or geographic name entry element REFUGEES
995 ## - RECOMMENDATION 995 [LOCAL, UNIMARC FRANCE]
-- CBU-MAIN LIBRARY (Kitwe)
-- 0.00
-- AVAILABLE
-- Jan 30, 2019
-- International Publications
Holdings
Withdrawn status Lost status Source of classification or shelving scheme Damaged status Not for loan Home library Current library Shelving location Date acquired Total Checkouts Full call number Barcode Date last seen Price effective from Koha item type
          CBU-MAIN LIBRARY, KITWE. CBU-MAIN LIBRARY, KITWE.   11/30/2022   UNO(058)GAOR/59/12 B3854 11/30/2022 11/30/2022 MONOGRAPH